A TEXTBOOK OF PRINCIPLES AND FUNDAMENTALS IN PHARMACOLOGY ( VOL-II) (Record no. 5840)

MARC details
000 -LEADER
fixed length control field 00462nam a22001577a 4500
005 - DATE AND TIME OF LATEST TRANSACTION
control field 20240109114304.0
008 - FIXED-LENGTH DATA ELEMENTS--GENERAL INFORMATION
fixed length control field 190503b xxu||||| |||| 00| 0 eng d
020 ## - INTERNATIONAL STANDARD BOOK NUMBER
ISBN 978-93-81595-75-6
041 ## - LANGUAGE CODE
Language code of text/sound track or separate title eng
100 ## - MAIN ENTRY--AUTHOR NAME
Personal name SAKARKAR, DR D. M.,TEMHHURNE,DR. S.V .,AND MORE .DR. B.H
245 ## - TITLE STATEMENT
Title A TEXTBOOK OF PRINCIPLES AND FUNDAMENTALS IN PHARMACOLOGY ( VOL-II)
250 ## - EDITION STATEMENT
Edition statement 2nd, 2017
260 ## - PUBLICATION, DISTRIBUTION, ETC. (IMPRINT)
Place of publication PUNE
Name of publisher NIRALI PUBLICATION
300 ## - PHYSICAL DESCRIPTION
Number of Pages I.10p,
942 ## - ADDED ENTRY ELEMENTS (KOHA)
Koha item type Books
Holdings
Lost status Damaged status Collection code Home library Current library Shelving location Date acquired Source of acquisition Cost, normal purchase price Full call number Accession Number Koha item type
    PHARMACY JRU Library JRU Library SHELF-5-A 03/05/2019 PURCHESS 400.00 615.1 22701 Books
    PHARMACY JRU Library JRU Library Shelf - 21- C 03/05/2019 PURCHESS 400.00   22702 Books
    Reference JRU Library JRU Library SHELF-4-A 03/05/2019 PURCHESS 400.00   22703 Books